1491 1950 1252 1538 1891 1904 1711 1141 1835 1160 1723 1663 1667 1405 1771 1732 1094 1561 1670 1112 1670 1493 1929 1076 1719 1246 1984 1680 1562 1955 1319 1595 1367 1760 1255 1597 1889 1306 1724 1580 1620 1886 1737 1254 1650 1632 1895 1382 1384 1298 1014 1565 1986 1719 1254 1153 1125 1478 1605 1161 1941 1223 1020 1097 1748 1043 1291 1665 1480 1988 1683 1609 1179 1671 1819 1038 1625 1594 1868 1049 1086 1378 1702 1656 1426 1917 1784 1918 1612 1748 1420 1188 1048 1690 1474 1533 1833 1939 1953 BCNSPRNW ULIB Ver.6.0+V

เปลี่ยนเป็นภาษาไทย

Change to English
 แสดงรายละเอียดบรรณานุกรม
  กลับหน้าหลัก

Brief Record : Get Marc (ISO 2709) : E-mail record : QR code < ปิดหน้าต่าง
LEADER : 00000nam 2200000uu 4500
001    13399126282
003     ULIB
008    180827s2560||||th 000 0 tha d
020    ^a9786169299127
040    ^abnc
060 04 ^aWY105^bค181
245 00 ^aการพยาบาลเพื่อความปลอดภัย : สมรรถนะพยาบาล CVT /^cเพ็ญจันทร์ แสนประสาน;บรรณาธิการ, ดวงกมล วัตราดุลย์, บุปผาวัลย์ ศรีล้ำ
250    ^aพิมพ์ครั้งที่ 2
260    ^aกรุงเทพฯ :^bสุขขุมวิทการพิมพ์,^c2560
300    ^a[5], 255 หน้า :^bตาราง ;^c28 ซม.
500    ^aชื่อเรื่องหน้าปก : การพยาบาลเพื่อความปลอดภัย : สมรรถนะพยาบาล CVT
650  4 ^aความปลอดภัย^xพยาบาล
650  4 ^aการพยาบาล, การดูแล
650  4 ^aความปลอดภัยของผู้ป่วย^xการรักษา
650  4 ^aสมรรถนะ^xพยาบาล
700 0  ^aเพ็ญจันทร์ แสนประสาน,^eบรรณธิการ.
700 0  ^aดวงกมล วัตราดุลย์
700 0  ^aบุปผาวัลย์ ศรีล้ำ
945    ^p280^l0^i004498
945    ^p280^l0^i004496
945    ^p280^l0^i004497
999    ^aประนอม เกษจรัล
รายการนี้ยังไม่มีแท็ก
คุณยังไม่ได้ล็อกอิน คุณสามารถมีกิจกรรมร่วมกับเว็บไซต์ได้ แต่ต้องล็อกอินก่อน ::
  ล็อกอิน

รายการสื่อสารสนเทศ

ลำดับที่ ประเภท เลขเรียก/บาร์โค้ด สถานที่ สถานะ
1. Book การพยาบาล
หนังสือสำรอง
สถานะ=หนังสือสำรอง
WY105 ค181 ฉ.1 
  Barcode: 004496
ห้องสมุดวิทยาเขตสวรรค์ประชารักษ์
►หนังสือทั่วไป
บนชั้น
2. Book การพยาบาล
Book การพยาบาล
WY105 ค181 ฉ.2 
  Barcode: 004497
ห้องสมุดวิทยาเขตสวรรค์ประชารักษ์
►หนังสือทั่วไป
บนชั้น
3. Book การพยาบาล
Book การพยาบาล
WY105 ค181 ฉ.3 
  Barcode: 004498
ห้องสมุดวิทยาเขตสวรรค์ประชารักษ์
►หนังสือทั่วไป
บนชั้น

รายการใกล้เคียง
    หัวเรื่อง [การพยาบาล, การดูแล]

BibComment


ยังไม่เคยถูกคอมเมนท์

คอมเมนท์ทรัพยากรรายการนี้
  คอมเมนท์: การพยาบาลเพื่อคว..


 Copyright 2026. Bcnsprnw @Library